000 00796nam a2200277 a 4500
008
020 _a0340776897 (pbk.)
049 _aMAIN
090 0 _aBF121
_bGRO
100 _aGross, Richard.
245 0 0 _aPsychology :
_b A new introduction for A level/
_c Richard Gross et..al..
250 _a2nd ed.
260 _aLondon :
_bHoughton Mifflin Co.,
_cc2004.
300 _axvi, 928 p. :
_bill. ;
_c27 cm.
500 _aIncludes indexes.
504 _aIncludes bibliographical references.
650 0 _aPsychology.
700 1 _aMcellveen, Rob.
700 _aRussell, Julia.
700 _aCoolican, Hugh.
907 _a.b10188824
_b08-04-13
_c31-01-06
003
005 20230120193602.0
040 _cNUST
942 _cBOOKS
_kBF121
_mGRO
999 _c101735
_d101735